000 00649nam a2200241Ia 4500
003 OSt
005 20220924122106.0
006 a|||||r|||| 00| 0
007 ta
008 220923b |||||||| |||| 00| 0 urd d
020 _c27.00
024 _a311994
037 _cTextual
040 _aARTS
_cARTS
_burd
041 _2urd
_aurd
082 _aO168,1J52x, L5
100 _aQadri Mohammad Ganj
_9188254
245 0 _aIntekhab-e-Ganj Sharif
260 _aLahore
_bDarul Moarrkheen Pakistan
_c1975
650 _aURDU POETRY
942 _hO168,1J52x, L5
_cTEXL
_2CC
999 _c410195
_d410195